000 00720cam a2200253 4500
008 000000n2002 000 0 eng u
020 _a041526216X
035 _a(Sirsi) u114560
041 _aeng
050 _a692.5
245 _aSpon's architects' and builders' price book 2002
250 _a127th ed.
260 _aLondon
_bE & F N Spon
_c2002
350 _a110.00
520 _aAlso has a CD-Rom (CD109607) which is reference only.
650 _aARCHITECTS
650 _aBUILDERS
650 _aBUILT ENVIRONMENT-BUILDING COSTS
650 _aLABOUR COSTS
650 _aBUILDING PRICE BOOKS
690 _aBUILT ENVIRONMENT-BUILDING COSTS
700 _aDavis Langdon & Everest
_xEditor
942 _n0
999 _c101628
_d101628